Robinson Crusoëus. Latine scripsit F. J. Goffaux
Đã lưu trong:
| Tác giả chính: | |
|---|---|
| Định dạng: | Sách |
| Ngôn ngữ: | Tiếng La-tinh |
| Được phát hành: |
Londres
R. Gilbert
1823
|
| Phiên bản: | 2a. ed |
| Những chủ đề: | |
| Các nhãn: |
Thêm thẻ
Không có thẻ, Là người đầu tiên thẻ bản ghi này!
|
MARC
| LEADER | 00000nam a2200000 a 4500 | ||
|---|---|---|---|
| 001 | UCJ4241 | ||
| 003 | CL-VaPUC | ||
| 008 | 070124e18230000UK |||||||||||||||||lat|d | ||
| 082 | 0 | 4 | |a 823 |b DEF |2 21 |
| 100 | |a Defoe, Daniel |e author |9 338739 | ||
| 245 | 1 | 0 | |a Robinson Crusoëus. Latine scripsit F. J. Goffaux |
| 250 | |a 2a. ed | ||
| 300 | |a vi, 232 p | ||
| 942 | |c BK | ||
| 945 | |d 20070124 00:00:00 |a rinostro | ||
| 260 | |a Londres |b R. Gilbert |c 1823 | ||
| 500 | |a In 12§, pasta.- h. en b.- Port.- v.: Pié de imprenta.- Colofón.- La versión en latín del libro de Defoe constituye una rareza bibliográfica | ||
| 600 | 0 | 7 | |a SELKIRK, ALEJANDRO |2 CL-VaPUC |9 506581 |
| 650 | 7 | |a NOVELA INGLESA |2 CL-VaPUC |9 309260 | |
| 650 | 0 | |a Latín |9 269544 | |
| 650 | 0 | |a Crítica literaria |9 269189 | |
| 650 | 7 | |a LIBRO RARO |2 CL-VaPUC |9 504169 | |
| 650 | 7 | |a DESCRIPCION BIBLIOFILICA |2 CL-VaPUC |9 504580 | |
| 651 | 0 | |a Archipiélago Juan Fernández |9 261249 | |
| 583 | |a last modification |c 20070124 00:00:00 |k Rodrigo Vera | ||
| 999 | |c 320358 |d 320356 | ||
| 952 | |0 0 |1 0 |4 0 |6 823_000000000000000_DEF_1823 |7 0 |8 X |9 398867 |a FDOBUD |b FDOBUD |d 2019-11-22 |i 1015745 |o 823 DEF 1823 |p 1015745 |r 2019-11-22 |w 2019-11-22 |y BK_X |k BUD | ||